000 00412nam a2200169Ia 4500
008 230524s9999 xx 000 0 und d
082 _a612
_bPRR
100 _aJoon Park
_925525
245 0 _aBiomaterials An Introduction
250 _a3RD
260 _aNEW YORK
_bSpringer
_c2005
300 _aIX;535
500 _aQuantity Number: 1
650 _aBiomedical
700 _a R.S.Lakes
_925526
942 _cBK
999 _c37554
_d37554